Country Quiz: Esperanto to English - Statistics

General Stats
  • This quiz has been taken 23 times
  • The average score is 13 of 16
Answer Stats
Esperanto English % Correct
Bahamoj Bahamas
100%
Kamboĝo Cambodia
90%
Kostariko Costa Rica
90%
Ekvadoro Ecuador
90%
Salvadoro El Salvador
90%
Fiĝioj Fiji
90%
Paragvajo Paraguay
90%
Ĉeĥio Czech Republic
85%
Svislando Switzerland
85%
Vatikanurbo Vatican City
85%
Bocvano Botswana
75%
Ĝibutio Djibouti
75%
Marŝala Insularo Marshall Islands
75%
Jemeno Yemen
75%
Sejŝeloj Seychelles
70%
Usono United States
70%
No matching quizzes found
Score Distribution
Percent of People with Each Score
Percentile by Number Answered
Your Score History
You have not taken this quiz